Cuba: anuario histórico 1959
保存先:
| 第一著者: | |
|---|---|
| フォーマット: | 図書 |
| 言語: | スペイン語 |
| 出版事項: |
Miami
Colonial Press
1997
|
| 主題: | |
| タグ: |
タグ追加
タグなし, このレコードへの初めてのタグを付けませんか!
|
MARC
| LEADER | 00000nam a2200000 a 4500 | ||
|---|---|---|---|
| 001 | UCR8827 | ||
| 003 | CL-VaPUC | ||
| 008 | 980605e19970000US |||||||||||||||||spa|d | ||
| 082 | 0 | 4 | |a 972.91 |b BER |2 21 |
| 100 | 0 | |a Beruvides, Esteban M |e author |9 411029 | |
| 245 | 1 | 0 | |a Cuba: anuario histórico 1959 |
| 300 | |a 460 p | ||
| 942 | |c BK | ||
| 945 | |d 19980605 00:00:00 |a rbrito | ||
| 260 | |a Miami |b Colonial Press |c 1997 | ||
| 650 | 0 | |a Política |9 255312 | |
| 650 | 7 | |a HISTORIA DE CUBA 1959 |2 CL-VaPUC |9 411030 | |
| 650 | 7 | |a REVOLUCION CUBANA |2 CL-VaPUC |9 340347 | |
| 651 | 7 | |a CUBA |2 CL-VaPUC |9 255263 | |
| 583 | |a last modification |c 20120831 12:36:36 |k Rodrigo Vera | ||
| 999 | |c 270204 |d 270202 | ||
| 952 | |0 0 |1 0 |4 0 |6 972_910000000000000_BER_1997 |7 0 |8 P |9 304348 |a BIBDER |b BIBDER |d 2019-11-20 |i 3430081 |o 972.91 BER 1997 |p 3430081 |r 2023-01-25 |w 2019-11-20 |y BK |k DER | ||